Statistiques concernant Age of Empires II - nom des campagnes

Cliquez ici pour prendre le quiz!

Statistiques générales

  • Ce quiz a été pris 14 fois
  • Le résultat moyen est 9 sur 31

Statistiques - réponses

ExtensionCampagne% Correct
Jeanne d'Arc
100%
The Age of KingsBarberousse
91%
Saladin
82%
El Cid
73%
Gengis Khan
73%
William Wallace
73%
The ConquerorsAttila le Hun
64%
The ForgottenAlaric
36%
Jan Žižka
27%
Montezuma
27%
Sforza
27%
Bari
18%
Dracula
18%
African KingdomsFrancisco de Almeida
18%
Olgierd et Kęstutis
18%
Prithviraj
18%
Rajendra
18%
Tariq ibn Ziyad
18%
Yodit
18%
Rise of the RajasBayinnaung
9%
Devapala
9%
Lords of the WestDucs de Bourgogne
9%
El Dorado
9%
Gajah Mada
9%
Hauteville
9%
Dawn of the DukesHedwige
9%
Le Loi
9%
Dynasties of IndiaBabur
0%
Longshanks
0%
Sundjata
0%
Suryavarman I
0%

Distribution des résultats

Percentile par nombre de réponses

% des personnes avec chaque résultat

Votre développement - résultats

Vous n’avez pas pris ce quiz